000
00309nam a2200133Ia 4500
100
_a
Board of Editors
942
_c
BK
366
_f
15
654
_a
spoken communication
245
_a
Written and spoken communication in English
260
_b
Universities Press
_c
2007
300
_a
187
546
_a
ENGLISH
999
_c
32251
_d
32251